000
00289nam a2200121Ia 4500
005
20251222154310.0
008
251222s9999||||xx |||||||||||||| ||spa||
020
_a
84-244-0340-1
082
_a
372.4/B42
100
_a
"Bandet, Jeanne"
245
0
_a
Aprender a leer y escribir
942
_c
LIB
999
_c
33364
_d
33364